Guess The Beatles Song by a Lyric - Statistics

General Stats
  • This quiz has been taken 505 times
  • The average score is 16 of 20
Answer Stats
Lyrics Title % Correct
"Remember to let her into your heart, then you can start to make it better" Hey Jude
95%
"When I find myself in times of trouble, mother Mary comes to me speaking words of wisdom" Let It Be
94%
"Suddenly, I'm not half the man I used to be. There's a shadow hanging over me" Yesterday
92%
"All the lonely people, where do they all come from? All the lonely people, where do they all belong?" Eleanor Rigby
88%
"In the town where I was born, lived a man who sailed to sea" Yellow Submarine
88%
"He say, 'I know you, you know me.' One thing I can tell you is you got to be free" Come Together
86%
"I say high, you say low. You say why, and I say I don't know, oh no" Hello, Goodbye
79%
"Little darling, the smiles are returning to their faces. Little darling, it seems like years since it's been here" Here Comes the Sun
79%
"And now my life has changed, in oh, so many ways. My independence seems to vanish in the haze" Help!
78%
"I read the news today, oh boy, about a lucky man who made the grade and though the news was rather sad" A Day in the Life
77%
"Somewhere in her smile she knows that I don't need no other lover" Something
77%
"Oh, yeah, I tell you somethin' I think you'll understand" I Want To Hold Your Hand
76%
"There are places I'll remember. All my life, though some have changed." In My Life
73%
"But when I get home to you, I find the things that you do will make me feel alright" A Hard Day's Night
72%
"I am he as you are he as you are me, and we are all together" I Am the Walrus
72%
"Living is easy with eyes closed, misunderstanding all you see. It's getting hard to be someone, but it all works out. It doesn't matter much to me" Strawberry Fields Forever
71%
"I'll buy you a diamond ring, my friend, if it makes you feel alright. I'll get you anything, my friend" Can't Buy Me Love
70%
"You think you've lost your love. Well, I saw her yesterday. It's you she's thinking of and she told me what to say" She Loves You
70%
"There's nothing you can do that can't be done; nothing you can sing that can't be sung" All You Need Is Love
69%
"Got a good reason for taking the easy way out. Got a good reason for taking the easy way out, now" Day Tripper
60%
No matching quizzes found
Score Distribution
Percent of People with Each Score
Percentile by Number Answered
Your Score History
You have not taken this quiz